00589nam a2200193Ia 450000500170000000800410001702000180005804000180007604100080009408200210010210000250012324500890014825000120023726000420024930000330029165000180032465000230034265000300036520251029154011.0210716s2017 xx 000 0 und d a9789386052278 cAIMIT LIBRARY aeng a005.76 21bCHAA aChauhan, Ajay Kumar. aResearch analytics : bpractical approach to data analysis /cBy Ajay Kumar Chauhan. a1st ed. aNew Delhi :bDreamtech Press ,c2017. axviii, 413p. ;c24.5 cm.bPB aSPSS commands aTest of difference aLogistic regression model